00645nam a2200205Ia 4500008004100000020001800041041000800059082001600067100002300083245006900106250000600175260006100181300000800242365001200250650002500262650002500287942001200312999001900324952009600343140306s9999 xx 000 0 und d a81 203 0856 5 aeng a658bROB/OR aRobbins, Stephen P aOrganization behaviour : concept, controversies and applications a6 aNew DelhibPrentice-Hall of India Private Limitedc 1993 a753 bRs .225 aIndividual behaviour amotivation leadeship 2ddccBK c182629d182629 00102ddc4070aKAUCBVbKAUCBVg225.00l0o658 ROB/ORr2014-03-22 00:00:00w2014-03-22yBK